Las comadres de Caracas

Saved in:
Bibliografiske detaljer
Hovedforfatter: Williamson, John G (Author)
Format: Bog
Sprog:spansk
Udgivet: Caracas Banco Caracas 1973
Serier:Biblioteca de la Academia Nacional de la Historia, 12
Fag:
Tags: Tilføj Tag
Ingen Tags, Vær først til at tagge denne postø!

MARC

LEADER 00000nam a2200000 a 4500
001 UCR1382
003 CL-VaPUC
008 971219e19730000VE |||||||||||||||||spa|d
082 0 4 |a 987.04  |b WIL  |2 21 
100 0 |a Williamson, John G  |e author  |9 398415 
245 1 4 |a Las comadres de Caracas 
300 |a 171 p 
942 |c BK 
945 |d 19971219 00:00:00  |a cmena 
260 |a Caracas  |b Banco Caracas  |c 1973 
650 0 |a Historia venezolana  |9 393448 
650 0 |a Independencia   |9 344246 
650 0 |a Relaciones Internacionales  |9 255740 
650 0 |a Vida social  |9 337244 
650 0 |a Integración social  |9 319662 
651 7 |a CARACAS  |2 CL-VaPUC  |9 323786 
651 0 |a Venezuela  |9 254993 
583 |a last modification  |c 19971219 00:00:00  |k Rodrigo Vera 
490 0 |a Biblioteca de la Academia Nacional de la Historia, 12 
999 |c 264785  |d 264783 
952 |0 0  |1 0  |4 0  |6 987_040000000000000_WIL_1973  |7 0  |8 P  |9 295280  |a BIBDER  |b BIBDER  |d 2019-11-19  |i 1922238  |o 987.04 WIL 1973  |p 1922238  |r 2023-01-25  |w 2019-11-19  |y BK  |k DER